| 000 | 00574nam a2200181Ia 4500 | ||
|---|---|---|---|
| 005 | 20250423100007.0 | ||
| 008 | 250422s9999 xx 000 0 und d | ||
| 020 | _a0873678060 | ||
| 050 | _aKL 130 .K4/ | ||
| 100 | _aKelly, Evelyn B. | ||
| 245 | 0 | _aLegal basics : a handbook for educators | |
| 260 | _aBloomington | ||
| 260 | _bPhi Delta Kappa Educational Foundation | ||
| 260 | _c1998 | ||
| 300 | _a114 p | ||
| 650 | _aEducators--Legal status, laws, etc.--United States--Popular works. Educational law and legislation--United States--Popular works. | ||
| 942 | _cBK | ||
| 999 |
_c31967 _d31967 |
||